00693nam a2200241Ia 4500003000400000005001700004008004100021020001500062040001800077041000800095082002300103100002300126245007100149250001200220260007000232300003000302650002000332650001100352650003600363650001800399700001900417700001500436OSt20250630134806.0210716s1999 xx 000 0 und d a8173660662 cAIMIT LIBRARY aeng a005.7402 21bYARR aYarger, Randy Jay. aMy sql and msql /cBy Randy Jay Yarger, George Reese and Tim King. a1st ed. aNew Delhi :bShroff Publishers and Distributors Pvt Ltd ,c1999. axv,487,6p.;bPBc22.5 cm. aDatabase design aMy sql aSql according to mysql and msql aJava and jdbc aReese, George. aKing, Tim.